00989cam a22002413a 450000100060000000300060000600500170001200800410002904000150007004200070008505000060009210000310009824501040012926000290023350503170026250600300057951600200060965300110062965300150064065300210065583000290067685600420070526659PGUSA20140828083556.0080919s2008||||xxu|||||s|||||000 e eng d aPGUSAbeng adc 4aB1 aJames, William,d1842-191014aThe Will to Believe, and Other Essays in Popular Philosophyh[electronic resource] /cWilliam James bProject Gutenberg,c20080 aThe will to believe -- Is life worth living? -- The sentiment of rationality -- Reflex action and theism -- The dilemma of determinism -- The moral philosopher and the moral life -- Great men and their environment -- The importance of individuals -- On some Hegelisms -- What psychical research has accomplished. aPublic domain in the USA. aElectronic text aEssays aPhilosophy aBelief and doubt 0aProject Gutenbergv2665940uhttp://www.gutenberg.org/ebooks/26659